|
|
|
|
| LEADER |
00000nam a2200000Ia 4500 |
| 008 |
170922b2003 cr ||||| |||| 00| | spa d |
| 999 |
|
|
|c 2342
|d 2342
|
| 090 |
|
|
|a 19.01.06
|b 1181 CD#13
|
| 100 |
1 |
|
|9 3193
|a Muñoz Justicia, Juan
|
| 245 |
1 |
0 |
|a Análisis cualitativo de datos textuales con ATLAS Ti /
|c Juan Muñoz Justicia
|
| 260 |
|
|
|a [Lugar de publicación no identificado] :
|b Juan Manuel Muñoz,
|c 2003
|
| 300 |
|
|
|a 98 páginas
|
| 500 |
|
|
|a Incluye el CD #13. Incluye videos de entreamiento: Atlas Ti, The Etnograph, NVivo7,Software Shop, Una presentación titulada: Curso-taller introductorio de la herramienta atlas.ti para el manejo de informacion cualitativa; contiene el documento el documento en pdf con el mismo Título. Tambíen este CD contiene el artículo en pdf "Diálogo Entre lo Cuantitativo y lo Cualitativo en la Investigación Científica. El Desafío de la Triangulación"
|
| 650 |
1 |
4 |
|a ANÁLISIS DE DATOS
|9 903
|
| 650 |
1 |
4 |
|a ANÁLISIS CUALITATIVO
|9 1055
|
| 650 |
1 |
4 |
|a MANUALES
|9 426
|
| 942 |
|
|
|i 003410,003411,001886,003408,003409,003426
|h 19.01.06 1181 CD#13
|2 z
|c 01
|